Spot the Difference - Statistics

General Stats
  • This quiz has been taken 99 times
    55 since last reset
  • The average score is 7 of 10
Answer Stats
Question Answer % Correct
Choose the different picture.
98%
Choose the different picture.
96%
Choose the different picture.
94%
Choose the different picture.
89%
Choose the different picture.
81%
Choose the different picture.
60%
Choose the different picture.
43%
Choose the different picture.
40%
Choose the different picture.
32%
Choose the different picture.
26%
No matching quizzes found
Score Distribution
Percent of People with Each Score
Percentile by Number Answered
Your Score History
You have not taken this quiz since the last reset